000 00447nam a2200157Ia 4500
008 240729s9999 xx 000 0 und d
022 _a1846-7482
245 0 _aBiochemia Medica
260 _aCroatia
260 _bCroatian Society for Medical Biochemistry and Laboratory Medicine
650 _a Medicine (General)
650 _aMedicine
856 _uhttps://doaj.org/toc/97907aa2797c4c1f968fb818f9d2c4c9
942 _2ddc
942 _cDOAJEJ
999 _c69718
_d69718
945 _a1
_bMadushi Gamage
_c1
_dMadushi Gamage